000 00390nam a2200169Ia 4500
005 20240823012014.0
008 240823s9999||||xx |||||||||||||| ||und||
082 _A658.11 P3
100 _a"Butler,David"
245 0 _aBusiness Planning
250 _a1st
260 _c2003
_b"BH,Oxford"
500 _aYES
650 _aManagement
_bManagement Studies
942 _cBK
999 _c163159
_d163159